[Event "Torneo Benidorm Gran Hotel Bali 2022"]
[Site "Benidorm, Spain"]
[Date "2022.12.10"]
[Round "9.8"]
[White "Shaik, Sumer Arsh"]
[Black "Tabuenca Mendataurigoitia, Danie"]
[Result "1/2-1/2"]
[WhiteElo "2290"]
[BlackElo "2171"]
[PlyCount "46"]
[EventDate "2022.12.03"]
[EventType "swiss"]
[EventRounds "9"]
[SourceTitle "Ajedrez en Madrid"]
[Source "lmi"]
[SourceDate "2022.12.03"]
[SourceVersion "1"]
[SourceVersionDate "2022.12.10"]
[SourceQuality "1"]
[TimeControl "90+30"]
[WhiteClock "0:06:57"]
[BlackClock "0:38:36"]

1. Nf3 {[%emt 0:00:00]} d5 {[%emt 0:00:00]} 2. c4 {[%emt 0:00:00]} e6 {[%emt 0:00:00]} 3. g3 {[%emt 0:00:00]} dxc4 {[%emt 0:00:00]} 4. Qa4+ {[%emt 0:00:00]} Nd7 {[%emt 0:00:00]} 5. Qxc4 {[%emt 0:00:00]} a6 {[%emt 0:00:00]} 6. Bg2 {[%emt 0:00:00]} b5 {[%emt 0:00:00]} 7. Qc2 {[%emt 0:00:00]} Bb7 {[%emt 0:00:00]} 8. O-O {[%emt 0:00:00]} Ngf6 {[%emt 0:00:00]} 9. d3 {[%emt 0:00:00]} c5 {[%emt 0:00:00]} 10. a4 {[%emt 0:00:00]} Be7 {[%emt 0:00:00]} 11. Nc3 {[%emt 0:00:41]} Qb6 {[%emt 0:00:00]} 12. axb5 {[%emt 0:00:00]} axb5 {[%emt 0:00:00]} 13. Rxa8+ {[%emt 0:00:00]} Bxa8 {[%emt 0:00:00]} 14. Bg5 {[%emt 0:00:00]} O-O {[%emt 0:00:00]} 15. Qb3 {[%emt 0:00:00]} h6 {[%emt 0:00:00]} 16. Bxf6 {[%emt 0:00:00]} Bxf6 {[%emt 0:00:00]} 17. Qxb5 {[%emt 0:00:00]} Qxb5 {[%emt 0:00:00]} 18. Nxb5 {[%emt 0:00:00]} Rb8 {[%emt 0:00:19]} 19. Nd6 {[%emt 0:00:00]} Rxb2 {[%emt 0:00:00]} 20. e3 {[%emt 0:00:51]} Nb6 {[%emt 0:00:00]} 21. Rc1 {[%emt 0:04:21]} Be7 {[%emt 0:00:00]} 22. Nc4 {[%emt 0:00:09]} Nxc4 {[%emt 0:00:00]} 23. dxc4 {[%emt 0:00:01]} Bxf3 {[%emt 0:00:00]} 1/2-1/2

[Event "Torneo Benidorm Gran Hotel Bali 2022"]
[Site "Benidorm, Spain"]
[Date "2022.12.10"]
[Round "9.9"]
[White "Rodriguez Lopez, Rafael"]
[Black "Salvador Buiza, Victor"]
[Result "1-0"]
[WhiteElo "2189"]
[BlackElo "1984"]
[PlyCount "117"]
[EventDate "2022.12.03"]
[EventType "swiss"]
[EventRounds "9"]
[SourceTitle "Ajedrez en Madrid"]
[Source "lmi"]
[SourceDate "2022.12.03"]
[SourceVersion "1"]
[SourceVersionDate "2022.12.10"]
[SourceQuality "1"]
[TimeControl "90+30"]
[WhiteClock "0:16:09"]
[BlackClock "0:03:49"]

1. e4 {[%emt 0:00:00]} e5 {[%emt 0:00:00]} 2. Nf3 {[%emt 0:00:00]} Nc6 {[%emt 0:00:00]} 3. Bb5 {[%emt 0:00:00]} a6 {[%emt 0:00:00]} 4. Ba4 {[%emt 0:00:00]} Nf6 {[%emt 0:00:00]} 5. O-O {[%emt 0:00:00]} Be7 {[%emt 0:00:00]} 6. Re1 {[%emt 0:00:00]} b5 {[%emt 0:00:00]} 7. Bb3 {[%emt 0:00:00]} d6 {[%emt 0:00:00]} 8. c3 {[%emt 0:00:00]} O-O {[%emt 0:00:00]} 9. h3 {[%emt 0:00:00]} Nb8 {[%emt 0:00:00]} 10. d4 {[%emt 0:00:00]} Nbd7 {[%emt 0:00:00]} 11. Nbd2 {[%emt 0:00:00]} Bb7 {[%emt 0:00:00]} 12. Bc2 {[%emt 0:00:00]} Re8 {[%emt 0:00:00]} 13. Nf1 {[%emt 0:00:00]} Bf8 {[%emt 0:00:00]} 14. Ng3 {[%emt 0:00:00]} g6 {[%emt 0:00:00]} 15. b3 {[%emt 0:00:00]} Bg7 {[%emt 0:00:00]} 16. d5 {[%emt 0:00:00]} Nb6 {[%emt 0:00:00]} 17. Be3 {[%emt 0:00:00]} Rc8 {[%emt 0:00:00]} 18. Nd2 {[%emt 0:00:00]} c6 {[%emt 0:00:00]} 19. c4 {[%emt 0:00:00]} cxd5 {[%emt 0:00:00]} 20. cxd5 {[%emt 0:00:00]} Nfd7 {[%emt 0:00:00]} 21. Rc1 {[%emt 0:00:00]} Nc5 {[%emt 0:00:00]} 22. Bb1 {[%emt 0:00:00]} Re7 {[%emt 0:00:00]} 23. Qe2 {[%emt 0:00:00]} Rec7 {[%emt 0:00:00]} 24. Nf3 {[%emt 0:00:00]} b4 {[%emt 0:00:00]} 25. Red1 {[%emt 0:00:00]} Qd7 {[%emt 0:00:00]} 26. Qd2 {[%emt 0:00:00]} a5 {[%emt 0:00:00]} 27. Ne1 {[%emt 0:00:00]} Ba6 {[%emt 0:00:00]} 28. Nd3 {[%emt 0:00:00]} Bxd3 {[%emt 0:00:00]} 29. Bxd3 {[%emt 0:00:00]} Qe7 {[%emt 0:00:00]} 30. Bb5 {[%emt 0:00:00]} Nbd7 {[%emt 0:00:00]} 31. Bc6 {[%emt 0:00:00]} Bf8 {[%emt 0:00:00]} 32. Qe2 {[%emt 0:00:00]} Qd8 {[%emt 0:01:47]} 33. Rc4 {[%emt 0:00:00]} Nb8 {[%emt 0:01:47]} 34. Bxc5 {[%emt 0:00:00]} dxc5 {[%emt 0:00:11]} 35. Bb5 {[%emt 0:00:00]} Qd6 {[%emt 0:01:45]} 36. Rc2 {[%emt 0:00:00]} Bh6 {[%emt 0:00:00]} 37. Ra1 {[%emt 0:00:00]} Rf8 {[%emt 0:02:42]} 38. a4 {[%emt 0:00:00]} f5 {[%emt 0:01:55]} 39. exf5 {[%emt 0:00:00]} gxf5 {[%emt 0:00:05]} 40. Re1 {[%emt 0:00:00]} Bg7 {[%emt 0:03:54]} 41. Qh5 {[%emt 0:00:00]} Rcf7 {[%emt 0:00:15]} 42. Rec1 {[%emt 0:00:00]} Bh6 {[%emt 0:00:38]} 43. Rd1 {[%emt 0:00:00]} e4 {[%emt 0:00:52]} 44. Rc4 {[%emt 0:01:15]} e3 {[%emt 0:00:49]} 45. Nh1 {[%emt 0:01:39]} exf2+ {[%emt 0:01:06]} 46. Nxf2 {[%emt 0:00:24]} Be3 {[%emt 0:00:45]} 47. Qf3 {[%emt 0:00:10]} f4 {[%emt 0:00:28]} 48. Kh1 {[%emt 0:00:15]} Bd4 {[%emt 0:01:07]} 49. Ne4 {[%emt 0:00:29]} Qe7 {[%emt 0:01:46]} 50. d6 {[%emt 0:00:24]} Qe5 {[%emt 0:00:19]} 51. Rc2 {[%emt 0:02:54]} Nd7 {[%emt 0:00:46]} 52. Bc4 {[%emt 0:00:20]} Nb6 {[%emt 0:00:37]} 53. Bxf7+ {[%emt 0:00:34]} Rxf7 {[%emt 0:00:00]} 54. Rdc1 {[%emt 0:00:14]} c4 {[%emt 0:00:42]} 55. bxc4 {[%emt 0:02:39]} b3 {[%emt 0:01:12]} 56. Re2 {[%emt 0:00:27]} b2 {[%emt 0:00:12]} 57. Rb1 {[%emt 0:00:20]} Nxc4 {[%emt 0:00:32]} 58. Qg4+ {[%emt 0:02:28]} Qg7 {[%emt 0:00:29]} 59. Qc8+ {[%emt 0:00:19]} 1-0